000 02299cam a2200337 a 4500
001 15433659
003 ARRUPE
005 20150417020005.0
008 080829s2009 ilu b 000 0 eng
010 _a 2008038283
020 _a9780829424423
020 _a0829424423
035 _a(OCoLC)ocn213445868
040 _aDLC
_cDLC
_dYDX
_dBTCTA
_dBAKER
_dYDXCP
_dDLC
050 0 0 _aBV4740
_b.L69 2009
100 1 _aLowney, Chris.
_911361
245 1 0 _aHeroic living :
_bdiscover your purpose and change the world /
_cChris Lowney.
260 _aChicago, Ill. :
_bLoyola Press,
_cc2009.
300 _axii, 206 p. ;
_c24 cm.
504 _aIncludes bibliographical references (p. 195-203).
505 0 _aGetting to our mighty purpose -- Part 1: Create new strategy for a new time -- Our dilemma : navigate a complex and fast-changing world -- The way forward : create strategy for your whole life -- Part 2: Discover your mighty purpose -- Where are you now? : evaluate the world you've inherited -- Where will you lead us? : envision the future worth fighting for -- Why are you here? : articulate a purpose worth living for -- What kind of person will you be? : embrace values worth standing for -- What makes the difference? : put heart into strategy and give it life -- Part 3: Choose wisely -- Make great choices : learn to use your head and your heart -- Live in freedom : listen to the still, small voice -- Part 4: Make every day matter -- Develop consistency : get the mind-set for getting results -- Recognize progress : use a spiritual technology for purposeful living -- Let gratitude and optimism take you forward.
650 0 _aVocation
_xChristianity.
_911362
650 0 _aChange
_xReligious aspects
_xChristianity.
_911363
856 4 1 _3Table of contents only
_uhttp://www.loc.gov/catdir/toc/ecip0827/2008038283.html
856 4 2 _3Publisher description
_uhttp://www.loc.gov/catdir/enhancements/fy1114/2008038283-d.html
856 4 1 _3Sample text
_uhttp://www.loc.gov/catdir/enhancements/fy1114/2008038283-s.html
856 4 2 _3Contributor biographical information
_uhttp://www.loc.gov/catdir/enhancements/fy1114/2008038283-b.html
906 _a7
_bcbc
_corignew
_d1
_eecip
_f20
_gy-gencatlg
942 _2lcc
_cMONOGRAPH
_01
999 _c120865
_d120865